Statistics for Countries with at Least 1% Buddhists

Click here to take the quiz!

General Stats

  • This quiz has been taken 183 times
  • The average score is 21 of 26

Answer Stats

Percentage of Buddhists Country % Correct
18.2%China
99%
16.4%Vietnam
96%
36.2%Japan
96%
1.2%United States
95%
93.2%Thailand
95%
96.9%Cambodia
95%
74.7%Bhutan
95%
66.1%Laos
94%
87.9%Myanmar
93%
22.9%South Korea
93%
17.7%Malaysia
91%
55.1%Mongolia
89%
10.3%Nepal
89%
33.9%Singapore
89%
69.3%Sri Lanka
87%
2.7%Australia
86%
21.3%Taiwan
85%
1.5%North Korea
84%
1.6%New Zealand
78%
8.6%Brunei
77%
2.0%Philippines
73%
2.0%United Arab Emirates
41%
2.5%Bahrain
39%
3.1%Qatar
37%
2.8%Kuwait
37%
1.1%Nauru
22%

Score Distribution

Percentile by Number Answered

Percent of People with Each Score

Your Score History

You have not taken this quiz